Dr. A.P.J. Abdul Kalam Biography of A Saintly Scientist (Record no. 60740)

MARC details
000 -LEADER
fixed length control field 00451nam a2200169Ia 4500
008 - FIXED-LENGTH DATA ELEMENTS--GENERAL INFORMATION
fixed length control field 230524s9999 xx 000 0 und d
020 ## - INTERNATIONAL STANDARD BOOK NUMBER
ISBN 9788184304954
082 ## - DEWEY DECIMAL CLASSIFICATION NUMBER
Classification number 954.05092
Item number GAN
100 ## - MAIN ENTRY--AUTHOR NAME
Personal name A.K. Gandhi
245 #0 - TITLE STATEMENT
Title Dr. A.P.J. Abdul Kalam Biography of A Saintly Scientist
250 ## - EDITION STATEMENT
Edition statement 1
260 ## - PUBLICATION, DISTRIBUTION, ETC. (IMPRINT)
Place of publication New Delhi
Name of publisher Ocean Book
Year of publication 2021
300 ## - PHYSICAL DESCRIPTION
Number of Pages 198p;
500 ## - GENERAL NOTE
General note Quantity Number: 1
650 ## - SUBJECT ADDED ENTRY--TOPICAL TERM
Topical Term Miscellaneous
942 ## - ADDED ENTRY ELEMENTS (KOHA)
Koha item type Books
Holdings
Lost status Damaged status Permanent Location Current Location Shelving location Date acquired Full call number Accession Number Koha item type
    Central Library, Trident Academy of Technology Central Library, Trident Academy of Technology General Stacks 05/24/2023 954.05092 GAN 60740 Books
Trident Academy of Technology © 2023.
All rights reserved.                                                                                                                                                                                                        Designed by Team of Central Library .

Powered by Koha